<?xml version="1.0" encoding="UTF-8"?>
<marc:record xmlns:marc="http://www.loc.gov/MARC21/slim">
   <marc:leader>00000nam a2200000 a 4500</marc:leader>
   <marc:datafield ind1="1" ind2=" " tag="100">
      <marc:subfield code="a">Ligensa, Elfie</marc:subfield>
      <marc:subfield code="4">aut</marc:subfield>
      <marc:subfield code="e">Verfasser/-in</marc:subfield>
   </marc:datafield>
   <marc:datafield ind1=" " ind2=" " tag="653">
      <marc:subfield code="a">Charlotte Link</marc:subfield>
   </marc:datafield>
   <marc:datafield ind1=" " ind2=" " tag="653">
      <marc:subfield code="a">Heidi Rehn</marc:subfield>
   </marc:datafield>
   <marc:datafield ind1=" " ind2=" " tag="653">
      <marc:subfield code="a">Corina Bomann</marc:subfield>
   </marc:datafield>
   <marc:datafield ind1=" " ind2=" " tag="653">
      <marc:subfield code="a">Familie</marc:subfield>
   </marc:datafield>
   <marc:datafield ind1=" " ind2=" " tag="653">
      <marc:subfield code="a">Frauen</marc:subfield>
   </marc:datafield>
   <marc:datafield ind1=" " ind2=" " tag="653">
      <marc:subfield code="a">Liebe</marc:subfield>
   </marc:datafield>
   <marc:datafield ind1=" " ind2=" " tag="653">
      <marc:subfield code="a">Tochter</marc:subfield>
   </marc:datafield>
   <marc:datafield ind1=" " ind2=" " tag="653">
      <marc:subfield code="a">Bäckerei</marc:subfield>
   </marc:datafield>
   <marc:datafield ind1=" " ind2=" " tag="653">
      <marc:subfield code="a">Nachkriegszeit</marc:subfield>
   </marc:datafield>
   <marc:datafield ind1=" " ind2=" " tag="653">
      <marc:subfield code="a">Deutschland</marc:subfield>
   </marc:datafield>
   <marc:datafield ind1=" " ind2=" " tag="653">
      <marc:subfield code="a">Baden-Baden</marc:subfield>
   </marc:datafield>
   <marc:datafield ind1=" " ind2=" " tag="653">
      <marc:subfield code="a">Fiktionale Darstellung</marc:subfield>
   </marc:datafield>
   <marc:datafield ind1=" " ind2=" " tag="653">
      <marc:subfield code="a">Erzählende Literatur: Gegenwartsliteratur ab 1945</marc:subfield>
   </marc:datafield>
   <marc:datafield ind1="0" ind2="0" tag="245">
      <marc:subfield code="a">Töchter der Freiheit</marc:subfield>
   </marc:datafield>
   <marc:datafield ind1="0" ind2="0" tag="245">
      <marc:subfield code="b">Roman</marc:subfield>
   </marc:datafield>
   <marc:datafield ind1="0" ind2="0" tag="245">
      <marc:subfield code="c">Elfie Ligensa</marc:subfield>
   </marc:datafield>
   <marc:datafield ind1=" " ind2="1" tag="264">
      <marc:subfield code="a">Berlin</marc:subfield>
      <marc:subfield code="b">Ullstein</marc:subfield>
   </marc:datafield>
   <marc:datafield ind1=" " ind2=" " tag="250">
      <marc:subfield code="a">Originalausgabe, 1. Auflage</marc:subfield>
   </marc:datafield>
   <marc:datafield ind1="1" ind2=" " tag="520">
      <marc:subfield code="a">Angaben aus der Verlagsmeldung

Töchter der Freiheit : Roman / von Elfie Ligensa

Christina Graber ist eine ungewöhnliche Frau. Mutig nutzt sie nach dem Krieg ihre Chancen: Sie setzt sich durch und macht aus ihrer kleinen Konditorei bei Baden-Baden ein erfolgreiches Backimperium, in das auch Tochter und Enkeltochter einsteigen. Doch das Leben als Unternehmerin ist nicht einfach. Mehrmals steht die Firma vor dem Aus, es gibt Neider - sogar in der eigenen Familie. Der nächste große Schlag droht, als Christinas eigener Bruder intrigiert und seiner Schwester das Geschäft kaputtmachen will. Die drei Frauen müssen sich behaupten und auch zu schlimmsten Krisenzeiten halten sie zusammen, um den Fortbestand der Graber-Dynastie zu sichern.
</marc:subfield>
   </marc:datafield>
   <marc:datafield ind1=" " ind2=" " tag="020">
      <marc:subfield code="a">9783548287393</marc:subfield>
      <marc:subfield code="9">9783548287393</marc:subfield>
   </marc:datafield>
   <marc:datafield ind1=" " ind2=" " tag="020">
      <marc:subfield code="a">3548287395</marc:subfield>
      <marc:subfield code="9">3548287395</marc:subfield>
   </marc:datafield>
   <marc:datafield ind1=" " ind2=" " tag="041">
      <marc:subfield code="a">ger</marc:subfield>
   </marc:datafield>
   <marc:datafield ind1=" " ind2=" " tag="300">
      <marc:subfield code="a">489 Seiten</marc:subfield>
   </marc:datafield>
</marc:record>
